Quelles sont les villes les plus LGBT en France - Statistiques

Statistiques générales
  • Ce quiz a été pris 370 fois
  • Le résultat moyen est 8 sur 10
Statistiques - réponses
Indices Villes % Correct
Le quartier du marais Paris
99%
le 69 Lyon
89%
A gagner la Ligue des champions Marseille
89%
le rugby c'est la vie Toulouse
87%
Ont du super vin Bordeaux
86%
Promenade des Anglais Nice
85%
Le marché de noël est tres connue Strasbourg
85%
l'un des plus grand marché aux puces d'Europe Lille
79%
Une des villes les plus à gauche de France Nantes
59%
La ville la plus gay friendly de France Montpellier
44%
Aucun quiz correspondant
Distribution des résultats
% des personnes avec chaque résultat
Percentile par nombre de réponses
Votre historique - résultats
Vous n’avez pas pris ce quiz